On the Garden-of-Eden problem for one-dimensional cellular automata

Elmentve itt :
Bibliográfiai részletek
Szerző: Kacsukné Bruckner Lívia
Dokumentumtípus: Cikk
Megjelent: 1979
Sorozat:Acta cybernetica 4 No. 3
Kulcsszavak:Számítástechnika, Kibernetika
Tárgyszavak:
Online Access:http://acta.bibl.u-szeged.hu/12285
LEADER 00761nab a2200205 i 4500
001 acta12285
005 20220608153250.0
008 161015s1979 hu o 0|| eng d
022 |a 0324-721X 
040 |a SZTE Egyetemi Kiadványok Repozitórium  |b hun 
041 |a eng 
100 2 |a Kacsukné Bruckner Lívia 
245 1 3 |a On the Garden-of-Eden problem for one-dimensional cellular automata  |h [elektronikus dokumentum] /  |c  Kacsukné Bruckner Lívia 
260 |c 1979 
300 |a 259-262 
490 0 |a Acta cybernetica  |v 4 No. 3 
650 4 |a Természettudományok 
650 4 |a Számítás- és információtudomány 
695 |a Számítástechnika, Kibernetika 
856 4 0 |u http://acta.bibl.u-szeged.hu/12285/1/cybernetica_004_fasc_003_259-262.pdf  |z Dokumentum-elérés